[Event "La Plagne Soleil op"]
[Site "La Plagne"]
[Date "2025.07.09"]
[Round "6"]
[White "Bazakutsa, Svyatoslav"]
[Black "Carnicelli, Valerio"]
[Result "1-0"]
[WhiteElo "2474"]
[BlackElo "2396"]
[PlyCount "65"]
[EventDate "2025.07.05"]
[EventType "swiss"]
[EventRounds "9"]
[EventCountry "FRA"]
[SourceTitle "CB29_2025"]
[SourceDate "2025.07.16"]
[SourceVersion "1"]
[SourceVersionDate "2025.07.16"]
[SourceQuality "1"]

1. c4 d6 2. Nc3 e5 3. g3 Be7 4. Bg2 f5 5. d4 Nf6 6. Nf3 e4 7. Ng5 c6 8. d5 h6 9. Nh3 Nbd7 10. b3 Ne5 11. Bb2 0-0 12. 0-0 h5 13. Nf4 g5 14. Nh3 Nfg4 15. Qd2 Bf6 16. Kh1 e3 17. fxe3 Qb6 18. dxc6 bxc6 19. Na4 Qxe3 20. Qxd6 Rd8 21. Qc5 Qxc5 22. Nxc5 Ne3 23. Nd3 Nxf1 24. Bxe5 Bxe5 25. Nxe5 Ne3 26. Nxc6 Nxg2 27. Nxd8 Ne3 28. Nxg5 a5 29. Nde6 a4 30. Rc1 a3 31. Kg1 Bb7 32. h3 Rc8 33. Rc3 1-0

[Event "La Plagne Soleil op"]
[Site "La Plagne"]
[Date "2025.07.09"]
[Round "7"]
[White "Iniyan, Panneerseluam"]
[Black "Bazakutsa, Svyatoslav"]
[Result "1-0"]
[WhiteElo "2558"]
[BlackElo "2474"]
[PlyCount "135"]
[EventDate "2025.07.05"]
[EventType "swiss"]
[EventRounds "9"]
[EventCountry "FRA"]
[SourceTitle "CB29_2025"]
[SourceDate "2025.07.16"]
[SourceVersion "1"]
[SourceVersionDate "2025.07.16"]
[SourceQuality "1"]

1. d4 Nf6 2. c4 g6 3. Nc3 Bg7 4. e4 d6 5. Be2 0-0 6. Be3 c5 7. d5 e6 8. Nf3 exd5 9. cxd5 b5 10. e5 dxe5 11. Bxc5 Re8 12. Bxb5 Nbd7 13. Be3 Ng4 14. 0-0 Nxe3 15. fxe3 Rb8 16. Qe2 a6 17. Bc6 Rf8 18. Rfd1 e4 19. Nd4 Ne5 20. h3 f5 21. Ba4 Qg5 22. Ne6 Bxe6 23. dxe6 Kh8 24. Bb3 Rbe8 25. Nd5 Rxe6 26. Nf4 Rb6 27. Rac1 Qg3 28. Qf2 Qxf2+ 29. Kxf2 Bh6 30. Rc7 Bxf4 31. exf4 Nd3+ 32. Ke3 g5 33. fxg5 f4+ 34. Ke2 a5 35. Rd2 h6 36. Bd5 f3+ 37. gxf3 Nf4+ 38. Ke3 Nxd5+ 39. Rxd5 exf3 40. Rdd7 Rg6 41. Rf7 Rxf7 42. Rxf7 Rxg5 43. Kxf3 Rh5 44. Kg3 Rg5+ 45. Kf2 Rb5 46. b3 Rc5 47. a4 Rc2+ 48. Kg3 Rc3+ 49. Rf3 Rc5 50. Kg4 Rg5+ 51. Kf4 Rh5 52. Rg3 Kh7 53. Ke4 Rh4+ 54. Kd3 h5 55. Kc2 Kh6 56. Kb2 Rf4 57. Rc3 h4 58. Ka3 Rf1 59. b4 Ra1+ 60. Kb2 Rxa4 61. b5 Rd4 62. b6 a4 63. Ka3 Rd6 64. b7 Rb6 65. Rc7 Kg5 66. Kxa4 Kf4 67. Ka5 Rb3 68. Rc4+ 1-0

[Event "Fagernes op"]
[Site "Fagernes"]
[Date "2025.04.17"]
[Round "6"]
[White "Bazakutsa, Svyatoslav"]
[Black "Kreken, Eivind Grunt"]
[Result "0-1"]
[WhiteElo "2474"]
[BlackElo "2326"]
[PlyCount "98"]
[EventDate "2025.04.13"]
[EventType "swiss"]
[EventRounds "9"]
[EventCountry "NOR"]
[SourceTitle "CB17_2025"]
[SourceDate "2025.04.23"]
[SourceVersion "1"]
[SourceVersionDate "2025.04.23"]
[SourceQuality "1"]

1. d4 d5 2. c4 dxc4 3. e4 Nf6 4. e5 Nd5 5. Bxc4 Bf5 6. Nc3 Nb4 7. e6 fxe6 8. g4 Bc2 9. Qe2 Bg6 10. Nf3 Nc2+ 11. Kf1 Nc6 12. Be3 Nxa1 13. Bxe6 a6 14. Bf4 Nxd4 15. Nxd4 Qxd4 16. Be5 Qd3 17. Nd5 Rc8 18. f3 c6 19. Nf4 Qxe2+ 20. Kxe2 Rd8 21. Rxa1 Bf7 22. h4 Rg8 23. h5 Rd6 24. Bxd6 exd6 25. Bc8 b5 26. Bxa6 Kd7 27. a4 b4 28. Bd3 Be7 29. Bxh7 Re8 30. Nd3 c5 31. Kd2 Bf6 32. a5 b3 33. a6 Bd5 34. Be4 Bxe4 35. fxe4 c4 36. a7 Ra8 37. Nb4 Bxb2 38. Nd5 c3+ 39. Kd3 Bxa1 40. Nb6+ Kc6 41. Nxa8 c2 42. Nb6 Kxb6 43. a8Q c1Q 44. Qb8+ Ka5 45. Qxb3 Qf1+ 46. Kc2 Qe2+ 47. Kc1 Qe1+ 48. Kc2 Qxe4+ 49. Kc1 Be5 0-1

[Event "Hastings Masters op 98th"]
[Site "Hastings"]
[Date "2024.12.31"]
[Round "5"]
[White "Ahn, Sungmin"]
[Black "Bazakutsa, Svyatoslav"]
[Result "0-1"]
[WhiteElo "1926"]
[BlackElo "2484"]
[PlyCount "82"]
[EventDate "2024.12.28"]
[EventType "swiss"]
[EventRounds "9"]
[EventCountry "ENG"]
[SourceTitle "CB02_2025"]
[SourceDate "2025.01.08"]
[SourceVersion "1"]
[SourceVersionDate "2025.01.08"]
[SourceQuality "1"]

1. e4 c5 2. Nc3 Nc6 3. Bb5 Nd4 4. Nf3 Nxf3+ 5. Qxf3 e6 6. a4 a6 7. Bc4 g6 8. d3 d6 9. 0-0 Bg7 10. Bd2 Ne7 11. Bg5 h6 12. Bf6 0-0 13. Bxg7 Kxg7 14. Rad1 Nc6 15. Qg3 Rb8 16. f4 Nd4 17. Rd2 b5 18. axb5 axb5 19. Bb3 Kh7 20. Kh1 f5 21. Qe1 Ra8 22. Ne2 Nc6 23. c3 d5 24. Ng1 b4 25. Nf3 bxc3 26. bxc3 Ra3 27. Qd1 Na5 28. Bc2 fxe4 29. dxe4 Nc4 30. Rd3 Nb2 31. Qc1 Nxd3 32. Qxa3 dxe4 33. c4 Rxf4 34. g3 Rxf3 35. Rxf3 exf3 36. Bxd3 Bb7 37. Qa7 Qd7 38. h4 f2+ 39. Kh2 Qc6 40. Bxg6+ Kxg6 41. h5+ Kh7 0-1

[Event "Hastings Masters op 98th"]
[Site "Hastings"]
[Date "2024.12.30"]
[Round "4"]
[White "Bazakutsa, Svyatoslav"]
[Black "Stokes, Stephen"]
[Result "1-0"]
[WhiteElo "2484"]
[BlackElo "1866"]
[PlyCount "89"]
[EventDate "2024.12.28"]
[EventType "swiss"]
[EventRounds "9"]
[EventCountry "ENG"]
[SourceTitle "CB02_2025"]
[SourceDate "2025.01.08"]
[SourceVersion "1"]
[SourceVersionDate "2025.01.08"]
[SourceQuality "1"]

1. b3 Nf6 2. Bb2 d5 3. Nf3 c5 4. e3 Nc6 5. Bb5 Bf5 6. Bxc6+ bxc6 7. Ne5 Qc7 8. d3 e6 9. 0-0 Bd6 10. f4 0-0 11. Nd2 Nd7 12. e4 Bg6 13. Nxd7 Qxd7 14. h4 f5 15. h5 Be8 16. exd5 cxd5 17. h6 gxh6 18. Qf3 Bg6 19. Qg3 Be7 20. Nf3 Bf6 21. Bxf6 Rxf6 22. Ne5 Qc7 23. c3 Rd8 24. d4 Qb6 25. Qf2 cxd4 26. cxd4 Qb7 27. Rac1 Rc8 28. Rxc8+ Qxc8 29. Qd2 Rf8 30. Rc1 Qb7 31. Rc6 Re8 32. Qc3 Qb5 33. Rc7 Qe2 34. Qh3 Qd1+ 35. Kh2 Qh5 36. Rxa7 Rc8 37. Qxh5 Bxh5 38. Nd7 Bf7 39. Nc5 Rb8 40. a4 Rb4 41. a5 Rxd4 42. a6 Rxf4 43. Rb7 Rf1 44. a7 Ra1 45. Na4 1-0

[Event "EU-Cup 39th"]
[Site "Vrnjacka Banja"]
[Date "2024.10.24"]
[Round "5.1"]
[White "Byklum, Bjornar"]
[Black "Bazakutsa, Svyatoslav"]
[Result "0-1"]
[WhiteElo "2330"]
[BlackElo "2483"]
[PlyCount "76"]
[EventDate "2024.10.20"]
[EventType "team-swiss"]
[EventRounds "7"]
[EventCountry "SRB"]
[SourceTitle "CB44_2024"]
[Source "Chessbase"]
[SourceDate "2024.10.30"]
[SourceVersion "1"]
[SourceVersionDate "2024.10.30"]
[SourceQuality "1"]
[WhiteTeam "SOSS"]
[BlackTeam "Wood Green"]
[WhiteTeamCountry "NOR"]
[BlackTeamCountry "ENG"]

1. d4 Nf6 2. c4 g6 3. Nc3 Bg7 4. e4 d6 5. Nf3 0-0 6. Bd3 Bg4 7. Be2 Nfd7 8. Be3 Bxf3 9. Bxf3 Nc6 10. d5 Na5 11. Be2 Ne5 12. Qa4 c6 13. Rc1 Naxc4 14. Bxc4 b5 15. Nxb5 cxb5 16. Bxb5 Ng4 17. Bd2 Qb6 18. 0-0 Rab8 19. Be2 Nxf2 20. Rxf2 Bd4 21. Rcf1 Qxb2 22. Bd3 f5 23. e5 dxe5 24. d6 exd6 25. Bh6 d5 26. Bxf8 Kxf8 27. g4 Rb4 28. Qd1 Bxf2+ 29. Rxf2 Rxg4+ 30. Qxg4 Qxf2+ 31. Kxf2 fxg4 32. Kg3 Kf7 33. Kxg4 Kf6 34. Kh4 e4 35. Bb5 Ke5 36. Kg5 d4 37. Kh6 d3 38. Kxh7 Kd4 0-1

[Event "EU-Cup 39th"]
[Site "Vrnjacka Banja"]
[Date "2024.10.22"]
[Round "3.1"]
[White "Gkoumas, Georgios"]
[Black "Bazakutsa, Svyatoslav"]
[Result "1-0"]
[WhiteElo "2446"]
[BlackElo "2483"]
[PlyCount "71"]
[EventDate "2024.10.20"]
[EventType "team-swiss"]
[EventRounds "7"]
[EventCountry "SRB"]
[SourceTitle "CB44_2024"]
[Source "Chessbase"]
[SourceDate "2024.10.30"]
[SourceVersion "1"]
[SourceVersionDate "2024.10.30"]
[SourceQuality "1"]
[WhiteTeam "OFI"]
[BlackTeam "Wood Green"]
[WhiteTeamCountry "GRE"]
[BlackTeamCountry "ENG"]

1. e4 c5 2. Nf3 Nc6 3. Bb5 d6 4. 0-0 Bd7 5. Re1 Nf6 6. c3 a6 7. Bf1 Bg4 8. d4 cxd4 9. cxd4 d5 10. e5 Ng8 11. Re3 e6 12. h3 Bh5 13. Be2 Nge7 14. Nbd2 Rc8 15. Nb3 Bg6 16. Rc3 Nf5 17. Bd2 Ra8 18. g4 Nh4 19. Nxh4 Qxh4 20. Qc1 Be7 21. Rxc6 0-0 22. Rc3 f5 23. f4 Bb4 24. Be1 Qd8 25. Rg3 Rc8 26. Qe3 Bxe1 27. Rxe1 Rc2 28. Nc5 Re8 29. Bd3 Rxb2 30. Nxe6 Rxe6 31. gxf5 Bxf5 32. Bxf5 Rc6 33. e6 Qe7 34. Qe5 Rc8 35. Kh1 Rxa2 36. Reg1 1-0

[Event "Fagernes Autumn op"]
[Site "Fagernes"]
[Date "2024.10.09"]
[Round "4"]
[White "Bazakutsa, Svyatoslav"]
[Black "Jumabayev, Rinat"]
[Result "0-1"]
[WhiteElo "2483"]
[BlackElo "2577"]
[PlyCount "174"]
[EventDate "2024.10.06"]
[EventType "swiss"]
[EventRounds "9"]
[EventCountry "NOR"]
[SourceTitle "CB42_2024"]
[Source "ChessBase"]
[SourceDate "2024.10.16"]
[SourceVersion "1"]
[SourceVersionDate "2024.10.16"]
[SourceQuality "1"]

1. c4 Nf6 2. Nc3 g6 3. e4 d6 4. d4 Bg7 5. h3 e5 6. d5 Nbd7 7. Be3 h5 8. Nf3 Bh6 9. Bxh6 Rxh6 10. Qd2 Rh8 11. g3 Nc5 12. Qe3 a5 13. 0-0-0 Qe7 14. Rg1 Bd7 15. b3 c6 16. Nd2 Kf8 17. f4 cxd5 18. exd5 Re8 19. Kb2 exf4 20. Qxf4 Bxh3 21. Nf3 Bg4 22. Re1 Qd8 23. Rxe8+ Nxe8 24. Ng5 Qf6 25. Qxf6 Nxf6 26. Nb5 Ne8 27. a3 f6 28. Nh3 Bxh3 29. Bxh3 f5 30. b4 axb4 31. axb4 Ne4 32. Nd4 h4 33. Ne6+ Ke7 34. g4 Nf2 35. Nf4 Nxh3 36. Nxh3 fxg4 37. Rxg4 Kf7 38. Rf4+ Nf6 39. Ng5+ Ke7 40. c5 Rh5 41. cxd6+ Kd7 42. Nf3 Nxd5 43. Rxh4 Kxd6 44. Rg4 Ne7 45. Nh4 Ke6 46. Kb3 g5 47. Ng2 Rh3+ 48. Ka4 Kf5 49. Rd4 Rg3 50. Ne1 Nc6 51. Rd7 Re3 52. Nc2 Re7 53. Rd5+ Kf4 54. b5 Re4+ 55. Kb3 Re5 56. Rd1 Rxb5+ 57. Kc4 Re5 58. Rf1+ Kg3 59. Kd3 Rd5+ 60. Ke4 Re5+ 61. Kd3 Re7 62. Rg1+ Kf4 63. Rf1+ Ke5 64. Ne3 Rd7+ 65. Kc3 Ke6 66. Ng4 Rf7 67. Re1+ Kd6 68. Rd1+ Ke6 69. Re1+ Kd6 70. Rd1+ Kc5 71. Ne3 Ne7 72. Rg1 Rg7 73. Kd3 b5 74. Ke4 Rg6 75. Ke5 b4 76. Rc1+ Kb5 77. Rc7 Nc6+ 78. Kf5 Rg8 79. Nd5 b3 80. Rb7+ Kc4 81. Ne3+ Kc5 82. Ke4 Rb8 83. Rg7 Rb4+ 84. Kd3 Ne5+ 85. Kd2 b2 86. Rc7+ Nc6 87. Nd1 b1Q 0-1

[Event "San Cristobal de La Laguna op-A 6th"]
[Site "San Cristobal de La Laguna"]
[Date "2024.08.31"]
[Round "9"]
[White "Xu, Yang1"]
[Black "Bazakutsa, Svyatoslav"]
[Result "0-1"]
[WhiteElo "2197"]
[BlackElo "2493"]
[PlyCount "62"]
[EventDate "2024.08.24"]
[EventType "swiss"]
[EventRounds "9"]
[EventCountry "ESP"]
[SourceTitle "CBM 221 Extra"]
[Source "ChessBase"]
[SourceDate "2024.09.30"]
[SourceVersion "1"]
[SourceVersionDate "2024.09.30"]
[SourceQuality "1"]

1. Nf3 Nf6 2. g3 g6 3. Bg2 Bg7 4. 0-0 0-0 5. c4 d6 6. Nc3 Nc6 7. d3 e5 8. Bg5 h6 9. Bd2 a5 10. a3 Re8 11. e3 Nd7 12. Rb1 Nc5 13. d4 exd4 14. exd4 Nd7 15. Re1 Rxe1+ 16. Qxe1 Nf6 17. d5 Nb8 18. Nd4 Na6 19. Ncb5 a4 20. Ba5 Nd7 21. Ne6 fxe6 22. dxe6 Ne5 23. c5 Nxc5 24. Bxc7 Qe8 25. Qe2 Bxe6 26. Rc1 Ncd3 27. Nxd6 Nxc1 28. Qc2 Qd7 29. Qxc1 Nc4 30. Bxb7 Rf8 31. Bc8 Rxc8 0-1

[Event "San Cristobal de La Laguna op-A 6th"]
[Site "San Cristobal de La Laguna"]
[Date "2024.08.29"]
[Round "7"]
[White "Calzetta Ruiz, Monica"]
[Black "Bazakutsa, Svyatoslav"]
[Result "0-1"]
[WhiteElo "2220"]
[BlackElo "2493"]
[PlyCount "134"]
[EventDate "2024.08.24"]
[EventType "swiss"]
[EventRounds "9"]
[EventCountry "ESP"]
[SourceTitle "CBM 221 Extra"]
[Source "ChessBase"]
[SourceDate "2024.09.30"]
[SourceVersion "1"]
[SourceVersionDate "2024.09.30"]
[SourceQuality "1"]

1. e4 c5 2. Nf3 Nc6 3. d4 cxd4 4. Nxd4 Nf6 5. Nc3 e5 6. Ndb5 d6 7. Bg5 a6 8. Na3 b5 9. Nd5 Be7 10. Bxf6 Bxf6 11. c4 b4 12. Nc2 a5 13. Qf3 Be7 14. g3 0-0 15. Bg2 Be6 16. 0-0 Qb8 17. Rfd1 Bd8 18. b3 Ra7 19. Rd2 Bxd5 20. Rxd5 Bb6 21. Rad1 Nd4 22. Nxd4 Bxd4 23. h4 Bc5 24. h5 h6 25. Bh3 a4 26. R1d2 Qc7 27. Kg2 Rfa8 28. Qf5 axb3 29. axb3 Bd4 30. Rd3 Ra2 31. Rf3 Re2 32. Rb5 Bc5 33. Bg4 Rf8 34. Kf1 Rb2 35. Qd7 Qxd7 36. Bxd7 Ra2 37. Rb7 Ra7 38. Rxa7 Bxa7 39. Bc6 Rc8 40. Ba4 Kf8 41. Ke2 Ke7 42. Kd3 Bb6 43. g4 g6 44. Ke2 Rg8 45. Bc6 Bd4 46. Bd5 Rg7 47. hxg6 fxg6 48. Rh3 Rh7 49. f3 Kf6 50. Rh1 Kg5 51. Rd1 h5 52. gxh5 gxh5 53. Rh1 Ra7 54. f4+ exf4 55. Kf3 Ra2 56. e5 dxe5 57. Bf7 h4 58. Be6 Rf2+ 59. Ke4 Re2+ 60. Kd5 f3 61. c5 f2 62. Bh3 Bxc5 63. Kxc5 e4 64. Kd4 e3 65. Ra1 Kf4 66. Ra8 Rd2+ 67. Kc4 e2 0-1

[Event "Titled Tuesday intern op 20th Aug Early"]
[Site "Chess.com INT"]
[Date "2024.08.20"]
[Round "3"]
[White "Bazakutsa, Svyatoslav"]
[Black "Donchenko, Alexander"]
[Result "1-0"]
[WhiteElo "2493"]
[BlackElo "2638"]
[PlyCount "105"]
[EventDate "2024.08.20"]
[EventType "swiss (blitz)"]
[EventRounds "11"]
[EventCountry "USA"]
[SourceTitle "EXT 2025"]
[Source "ChessBase"]
[SourceDate "2024.10.14"]
[SourceVersion "1"]
[SourceVersionDate "2024.10.14"]
[SourceQuality "1"]

1. c4 e5 2. g3 c6 3. Nf3 e4 4. Nd4 d5 5. cxd5 Qxd5 6. Nc2 Nf6 7. Nc3 Qe5 8. Bg2 Na6 9. Ne3 Bc5 10. Qc2 Bxe3 11. fxe3 Bf5 12. a3 h5 13. 0-0 h4 14. Rxf5 Qxf5 15. Nxe4 Nxe4 16. Qxe4+ Qxe4 17. Bxe4 hxg3 18. hxg3 Nc5 19. Bc2 0-0-0 20. b4 Ne6 21. Be4 Rh3 22. Kf2 Rh2+ 23. Bg2 Ng5 24. Kg1 Rh6 25. d3 Nh3+ 26. Kf1 Rdh8 27. Bb2 Rg6 28. Rc1 Rxg3 29. b5 Rh6 30. bxc6 bxc6 31. Be5 Rg5 32. Bd4 Kb7 33. Rb1+ Kc7 34. e4 Nf4 35. Bf3 Rb5 36. Rxb5 cxb5 37. Be5+ Kd7 38. Bxf4 Ra6 39. Bc1 Rc6 40. Bd2 Rc2 41. Bb4 Ra2 42. e5 a5 43. Bf8 Ke8 44. Bd6 Rb2 45. Bc6+ Kd8 46. d4 b4 47. axb4 axb4 48. d5 Rd2 49. Bxb4 Rd4 50. Bc5 Re4 51. Bb6+ Ke7 52. d6+ Ke6 53. Bxe4 1-0

[Event "Titled Tuesday intern op 20th Aug Early"]
[Site "Chess.com INT"]
[Date "2024.08.20"]
[Round "4"]
[White "Karthikeyan, Murali"]
[Black "Bazakutsa, Svyatoslav"]
[Result "0-1"]
[WhiteElo "2624"]
[BlackElo "2493"]
[PlyCount "72"]
[EventDate "2024.08.20"]
[EventType "swiss (blitz)"]
[EventRounds "11"]
[EventCountry "USA"]
[SourceTitle "EXT 2025"]
[Source "ChessBase"]
[SourceDate "2024.10.14"]
[SourceVersion "1"]
[SourceVersionDate "2024.10.14"]
[SourceQuality "1"]

1. e4 c6 2. d4 d5 3. Nc3 dxe4 4. Nxe4 Nf6 5. Nxf6+ exf6 6. Be3 Bd6 7. Bd3 0-0 8. Ne2 Re8 9. 0-0 Nd7 10. c4 Nf8 11. Qd2 Ng6 12. Rfe1 Bd7 13. Rad1 Qc7 14. h3 Rad8 15. c5 Bf8 16. Qc2 Kh8 17. Nc3 Be6 18. Be4 Ne7 19. b4 Nd5 20. Nxd5 Bxd5 21. Bxd5 Rxd5 22. a4 a6 23. g3 Qd7 24. Kg2 g6 25. Rb1 Bg7 26. b5 axb5 27. axb5 f5 28. bxc6 bxc6 29. Red1 Kg8 30. Qa4 f4 31. gxf4 Rh5 32. Rh1 Qd5+ 33. Kg1 Rd8 34. Rd1 Qf3 35. Re1 g5 36. fxg5 Bxd4 0-1

[Event "Titled Tuesday intern op 20th Aug Early"]
[Site "Chess.com INT"]
[Date "2024.08.20"]
[Round "7"]
[White "Santos Latasa, Jaime"]
[Black "Bazakutsa, Svyatoslav"]
[Result "1-0"]
[WhiteElo "2624"]
[BlackElo "2493"]
[PlyCount "71"]
[EventDate "2024.08.20"]
[EventType "swiss (blitz)"]
[EventRounds "11"]
[EventCountry "USA"]
[SourceTitle "EXT 2025"]
[Source "ChessBase"]
[SourceDate "2024.10.14"]
[SourceVersion "1"]
[SourceVersionDate "2024.10.14"]
[SourceQuality "1"]

1. Nf3 Nf6 2. c4 g6 3. Nc3 Bg7 4. e4 d6 5. d4 0-0 6. Be2 e5 7. 0-0 exd4 8. Nxd4 Re8 9. f3 c6 10. Nc2 Nh5 11. g4 Nf6 12. Kh1 Na6 13. Bf4 d5 14. cxd5 cxd5 15. Bb5 Bd7 16. Bxd7 Qxd7 17. e5 Rad8 18. exf6 Bxf6 19. Nd4 Nc5 20. Qd2 a6 21. Rad1 b6 22. Bg5 Bxg5 23. Qxg5 b5 24. b4 Ne6 25. Nxe6 fxe6 26. Ne2 e5 27. Nc3 Qc6 28. Rc1 Qd6 29. a3 e4 30. fxe4 dxe4 31. Qe3 Qe6 32. Rce1 Qc6 33. Nxe4 Re5 34. Qc3 Qd5 35. Qxe5 Qxe5 36. Nf6+ 1-0

[Event "BCF-ch"]
[Site "Hull"]
[Date "2024.08.03"]
[Round "8"]
[White "Jones, Gawain C B"]
[Black "Bazakutsa, Svyatoslav"]
[Result "1-0"]
[WhiteElo "2640"]
[BlackElo "2490"]
[PlyCount "189"]
[EventDate "2024.07.27"]
[EventType "swiss"]
[EventRounds "9"]
[EventCountry "ENG"]
[SourceTitle "CBM 221 Extra"]
[Source "ChessBase"]
[SourceDate "2024.09.30"]
[SourceVersion "1"]
[SourceVersionDate "2024.09.30"]
[SourceQuality "1"]

1. d4 Nf6 2. c4 g6 3. g3 Bg7 4. Bg2 0-0 5. Nc3 d6 6. Nf3 Nc6 7. d5 Na5 8. b3 c5 9. Bb2 a6 10. 0-0 Rb8 11. a4 e6 12. Ra2 exd5 13. Nxd5 Nxd5 14. Bxg7 Kxg7 15. cxd5 Re8 16. Qd2 Kg8 17. b4 cxb4 18. Qxb4 Qc7 19. Ng5 f5 20. Rd1 b5 21. Ne6 Bxe6 22. dxe6 Nc4 23. axb5 axb5 24. Ra6 Qc5 25. Qc3 Qe5 26. Qxe5 dxe5 27. Bc6 Re7 28. Rd7 Kf8 29. Raa7 Rbe8 30. Bxb5 Nb6 31. Rac7 Rxd7 32. exd7 Rd8 33. g4 fxg4 34. Kg2 Ke7 35. Kg3 Nd5 36. Rc5 Kd6 37. Rc8 Ke7 38. Kxg4 h6 39. Kf3 Nf6 40. Rc5 Nxd7 41. Rc7 Ke6 42. Rc6+ Kf7 43. Rd6 Ke7 44. Rxg6 Rf8+ 45. Kg2 Nf6 46. Rxh6 Rb8 47. Ba6 Ra8 48. Bc4 Rc8 49. Bb3 Rb8 50. Rh3 Rb4 51. Rc3 Rg4+ 52. Rg3 Rb4 53. Re3 Ng4 54. Rc3 Nf6 55. h3 Nh5 56. e3 Nf6 57. Rc7+ Kd6 58. Rf7 Ne4 59. Bc2 Ke6 60. Ra7 Nf6 61. Ra6+ Kf7 62. Ra7+ Ke6 63. Bg6 Rb8 64. Ra6+ Ke7 65. Bf5 Kf7 66. Ra7+ Kg8 67. Re7 Rb5 68. Bg6 Kh8 69. Kg3 Kg8 70. Rc7 e4 71. h4 Rb1 72. Kg2 Rb6 73. Ra7 Ng4 74. Bf5 Nf6 75. Ra4 Rb2 76. Bxe4 Kh8 77. Kf3 Rb5 78. Ra8+ Kg7 79. Ra7+ Kg8 80. Bg6 Rb4 81. e4 Rb5 82. Kf4 Rb6 83. h5 Kf8 84. Kf5 Kg8 85. e5 Nd5 86. Bf7+ Kh8 87. Ra8+ Kh7 88. Bxd5 Rh6 89. Ra7+ Kh8 90. e6 Rh7 91. Rxh7+ Kxh7 92. e7 Kg7 93. e8Q Kh7 94. h6 Kxh6 95. Qh8# 1-0

[Event "BCF-ch"]
[Site "Hull"]
[Date "2024.07.30"]
[Round "4"]
[White "Bazakutsa, Svyatoslav"]
[Black "Derakhshani, Borna"]
[Result "1-0"]
[WhiteElo "2490"]
[BlackElo "2351"]
[PlyCount "133"]
[EventDate "2024.07.27"]
[EventType "swiss"]
[EventRounds "9"]
[EventCountry "ENG"]
[SourceTitle "CBM 221 Extra"]
[Source "ChessBase"]
[SourceDate "2024.09.30"]
[SourceVersion "1"]
[SourceVersionDate "2024.09.30"]
[SourceQuality "1"]

1. d4 d5 2. c4 c6 3. cxd5 cxd5 4. Nc3 Nf6 5. Bf4 Nc6 6. e3 a6 7. Bd3 Bg4 8. Nge2 e6 9. 0-0 Bd6 10. Bg5 Bh5 11. f4 Be7 12. h3 Bxe2 13. Qxe2 h6 14. Bxf6 Bxf6 15. Rad1 g6 16. g4 Qd6 17. Kg2 Bg7 18. Na4 h5 19. Nc5 hxg4 20. hxg4 Qc7 21. Rh1 Ke7 22. Bb1 a5 23. Rc1 Rxh1 24. Rxh1 Rh8 25. Rxh8 Bxh8 26. Qf2 b6 27. Na4 Bf6 28. Nc3 Qc8 29. Qf1 Na7 30. Bc2 Kf8 31. Qe2 Bg7 32. f5 gxf5 33. gxf5 Qd8 34. Qg4 Qf6 35. fxe6 fxe6 36. Qg3 Nc8 37. Bd1 Bh6 38. Bg4 Ne7 39. Ne2 Kf7 40. Qh3 Ng8 41. Nc3 Ke7 42. Qg3 Kf7 43. Nb5 Qg5 44. Nd6+ Ke7 45. Nc8+ Kf7 46. Kf2 b5 47. Nd6+ Ke7 48. Nxb5 Nf6 49. Qd6+ Kf7 50. Bxe6+ Kg6 51. Qe5 Ne4+ 52. Kf1 Ng3+ 53. Ke1 Qh4 54. Kd1 Qh2 55. Bf5+ Kg5 56. Bd3+ Kh4 57. Qe7+ Kh3 58. Qe6+ Kg2 59. Qxd5+ Kg1 60. Qf3 Qh4 61. Nc3 Nh1 62. Be4 Nf2+ 63. Kc2 Qh2 64. Kb3 Qb8+ 65. Bb7 Qg8+ 66. Kc2 Qg6+ 67. Be4 1-0

[Event "Brasov op"]
[Site "Brasov"]
[Date "2024.07.21"]
[Round "9"]
[White "Bazakutsa, Svyatoslav"]
[Black "Sachilaru, Alexandru"]
[Result "1/2-1/2"]
[WhiteElo "2490"]
[BlackElo "2248"]
[PlyCount "71"]
[EventDate "2024.07.15"]
[EventType "swiss"]
[EventRounds "9"]
[EventCountry "ROU"]
[SourceTitle "CBM 221 Extra"]
[Source "ChessBase"]
[SourceDate "2024.09.30"]
[SourceVersion "1"]
[SourceVersionDate "2024.09.30"]
[SourceQuality "1"]

1. c4 Nf6 2. Nc3 g6 3. e4 d6 4. d4 Bg7 5. h3 e5 6. Nge2 0-0 7. g4 Nc6 8. Be3 exd4 9. Nxd4 Nxd4 10. Bxd4 Re8 11. f3 a6 12. a4 c5 13. Be3 Be6 14. Be2 b5 15. axb5 axb5 16. Rxa8 Qxa8 17. Nxb5 Nxe4 18. 0-0 Ng3 19. Nc7 Qc6 20. Nxe8 Nxf1 21. Kxf1 Qxe8 22. Qd2 Qb8 23. Bf4 Bd4 24. Qc2 Bxb2 25. Bxd6 Qxd6 26. Qxb2 Qg3 27. Qf6 Qxh3+ 28. Kf2 Qh2+ 29. Ke3 Qg1+ 30. Kd2 h6 31. Bd3 Qf2+ 32. Kc3 Qe1+ 33. Kc2 Qf2+ 34. Kc3 Qe1+ 35. Kc2 Qf2+ 36. Kc3 1/2-1/2

[Event "Brasov op"]
[Site "Brasov"]
[Date "2024.07.17"]
[Round "4"]
[White "Coicev, Matei Andrei"]
[Black "Bazakutsa, Svyatoslav"]
[Result "0-1"]
[WhiteElo "2273"]
[BlackElo "2490"]
[PlyCount "116"]
[EventDate "2024.07.15"]
[EventType "swiss"]
[EventRounds "9"]
[EventCountry "ROU"]
[SourceTitle "CBM 221 Extra"]
[Source "ChessBase"]
[SourceDate "2024.09.30"]
[SourceVersion "1"]
[SourceVersionDate "2024.09.30"]
[SourceQuality "1"]

1. c4 Nf6 2. g3 g6 3. Bg2 Bg7 4. Nc3 0-0 5. d4 d6 6. h3 Nc6 7. Nf3 e5 8. Be3 Bf5 9. dxe5 dxe5 10. Qxd8 Rfxd8 11. 0-0 Ne8 12. Rac1 Nd4 13. Rfd1 c6 14. g4 Be6 15. b3 Nc7 16. Kf1 Nxf3 17. Rxd8+ Rxd8 18. Bxf3 Ra8 19. Ne4 f5 20. Nc5 Bc8 21. Rd1 Ne6 22. gxf5 gxf5 23. Rd6 Kf7 24. Nxb7 e4 25. Bh5+ Ke7 26. Rxe6+ Kxe6 27. Nc5+ Kd6 28. f3 exf3 29. Bxf3 f4 30. Ne4+ Ke5 31. Bd2 Bxh3+ 32. Ke1 Rg8 33. Nf2 Bf5 34. Bxc6 Bf8 35. Bc3+ Kd6 36. Bf3 Rg1+ 37. Kd2 Bg7 38. Bb4+ Kc7 39. Nd1 Bd4 40. e3 Rg3 41. Ke2 fxe3 42. Be1 Rh3 43. Nc3 Kd7 44. Ne4 Rh2+ 45. Kd3 Bb6 46. a4 Ra2 47. a5 Bxa5 48. Bxa5 Rxa5 49. Kxe3 Ra3 50. Bd1 Bxe4 51. Kxe4 Ra1 52. Bg4+ Kd6 53. Kd4 Rh1 54. c5+ Kc7 55. Bf3 Rh4+ 56. Ke5 Rb4 57. Bd5 h5 58. Bc4 Kc6 0-1